000 00361nam a2200133Ia 4500
008 220217s9999||||xx |||||||||||||| ||und||
020 _a81-7808-768-5
082 _a005.1 COC
100 _aCockburn, Alistair
_93053
245 0 _aAgile software development
260 _aPearson education asia
_bDelhi
_c2002
300 _b225
650 _aSOFTWARE DESIGN
999 _c170757
_d170757